000 00481nam a22001817a 4500
005 20140415122848.0
010 _aENG-109323
020 _a9789350450369
_c150.00
035 _aEN-92855
037 _bDBAD/PUB
082 _a881
100 _aLarge, Jose
245 _aGatherings /
_cby Jose Large
260 _aKolkata
_bWriters Workshop
_c2013
270 _a162/92 Lake Gardens
_bKolkata
_e700045
300 _a96p.
_c22cm(Hb)
942 _2ddc
_cEN
_mLAR
_h881
999 _c82568
_d82568